| 000 | 01009nam a2200325 4500 | ||
|---|---|---|---|
| 001 | 27832 | ||
| 003 | BD-RjUL | ||
| 005 | 20211209051216.0 | ||
| 008 | 140327r20102009enk b 001 0|eng|d | ||
| 020 | _a0141037857 (pbk.) : | ||
| 020 | _a9780141037851 (pbk.) : | ||
| 035 | _a(UK-LoICS)i9780141037851 | ||
| 035 |
_a(UkLCURL)09i9780141037851 _a(BD-RjUL)27911 |
||
| 038 | _aUk | ||
| 040 |
_aStDuBDS _cStDuBDS _dUkOxU _dBD-RjUL _beng |
||
| 041 | _aeng | ||
| 082 | 0 | 4 |
_aR 320.011 _222 _bSEI 2010 |
| 090 |
_aImp _b320.011 SEN (STANDARD) |
||
| 100 | 1 |
_aSen, Amartya. _d1933- _95662 |
|
| 245 | 1 | 4 |
_aThe idea of justice / _cAmartya Sen. |
| 260 |
_aLondon : _bPenguin, _cc2009 [Reprint 2010]. |
||
| 300 |
_axxvii, 468 p. ; _c20 cm. |
||
| 500 | _aOriginally published: London: Allen Lane, 2009. | ||
| 504 | _aIncludes bibliographical references and index. | ||
| 650 | 0 |
_aJustice. _985432 |
|
| 650 | 0 |
_aJustice (Philosophy) _985433 |
|
| 650 | 0 |
_aSocial contract. _985434 |
|
| 942 |
_2ddc _cREF |
||
| 999 |
_c27832 _d27832 |
||